| 000 | 01283nam a22003257a 4500 | ||
|---|---|---|---|
| 003 | DO-SdBNP | ||
| 005 | 20260302105356.0 | ||
| 007 | ta | ||
| 008 | 210818e2018 dr ac||er|||| 001 e spa d | ||
| 020 | _a9789945132007 | ||
| 040 |
_aDO-SdBNP _bspa _cBNPHU |
||
| 041 | _hspa | ||
| 082 | 4 |
_a972.93052 _bA473m 2018 _222 |
|
| 100 | 1 |
_aÁlvarez, Virtudes, _d1960- _974097 |
|
| 245 | 1 | 0 |
_aMujeres del 16 : _bresistencia de las dominicanas a la intervención militar Estados Unidos (1916-1924) / _cVirtudes Álvarez; Luisa Navarro, pról. |
| 246 | 1 | 1 | _aMujeres del dieciséis. |
| 250 | _a3a. ed. | ||
| 260 |
_aSanto Domingo : _bMediabyte, _c2018. |
||
| 300 |
_a145 p.: _bil. retr. ; _c21 cm. |
||
| 500 | _aIncluye referencias bibliográficas y notas al pie de las páginas. | ||
| 500 | _aIncluye índice | ||
| 504 | _aBibliografía: p. 135-138 | ||
| 590 | _aInventariado 2021 / MF | ||
| 650 | 4 |
_aMujeres _zRepública Dominicana _vBiografías _91939 |
|
| 651 | 0 |
_aRepública Dominicana -- _xHistoria -- _yOcupación norteamericana, 1916-1924 _91926 |
|
| 651 | 4 |
_aRepública Dominicana _xHistoria _yOcupación norteamericana, 1916-1924 _xMujeres _979500 |
|
| 700 | 1 | 2 |
_950276 _aNavarro Tavares, Luisa Oliva. _d1955 _epról. |
| 910 | _aValidado. Control de calidad MFF | ||
| 942 |
_2ddc _cLBS1 |
||
| 999 |
_c50215 _d50215 |
||